Communities of Frank Lloyd Wright : (Record no. 27173)

000 -LEADER
fixed length control field 02021cam a2200325 a 4500
001 - CONTROL NUMBER
control field 15557432
003 - CONTROL NUMBER IDENTIFIER
control field OSt
005 - DATE AND TIME OF LATEST TRANSACTION
control field 20170207145627.0
008 - FIXED-LENGTH DATA ELEMENTS--GENERAL INFORMATION
fixed length control field 081215s2009 ilua b s001 0deng
010 ## - LIBRARY OF CONGRESS CONTROL NUMBER
LC control number 2008054054
020 ## - INTERNATIONAL STANDARD BOOK NUMBER
International Standard Book Number 9780875803968 (clothbound : alk. paper)
020 ## - INTERNATIONAL STANDARD BOOK NUMBER
International Standard Book Number 0875803962 (clothbound : alk. paper)
035 ## - SYSTEM CONTROL NUMBER
System control number (OCoLC)ocn288379418
040 ## - CATALOGING SOURCE
Original cataloging agency DLC
Transcribing agency DLC
Modifying agency BTCTA
-- YDXCP
-- C#P
-- BWX
-- CDX
-- DLC
043 ## - GEOGRAPHIC AREA CODE
Geographic area code n-us---
050 00 - LIBRARY OF CONGRESS CALL NUMBER
Classification number NA2127.S66
Item number M38 2009
082 00 - DEWEY DECIMAL CLASSIFICATION NUMBER
Classification number 720.92
Edition number 22
100 1# - MAIN ENTRY--PERSONAL NAME
Personal name Marty, Myron A.
245 10 - TITLE STATEMENT
Title Communities of Frank Lloyd Wright :
Remainder of title Taliesin and beyond /
Statement of responsibility, etc. Myron A. Marty.
260 ## - PUBLICATION, DISTRIBUTION, ETC. (IMPRINT)
Place of publication, distribution, etc. DeKalb, Ill. :
Name of publisher, distributor, etc. Northern Illinois University Press,
Date of publication, distribution, etc. c2009.
300 ## - PHYSICAL DESCRIPTION
Extent x, 306 p. :
Other physical details ill. ;
Dimensions 26 cm.
504 ## - BIBLIOGRAPHY, ETC. NOTE
Bibliography, etc Includes bibliographical references (p. 295-297) and index.
505 0# - FORMATTED CONTENTS NOTE
Formatted contents note Frank Lloyd Wright, architect -- The Oak Park studio years -- Unsettled years: at home and abroad -- Unsettled years continue: Japan and Taliesin -- Transition in California -- The fellowship: distinctive by design -- A home at Taliesin and hope in the desert -- Dreams and realities -- Fellowship discoveries -- Getting started -- Beyond schooling -- Reaching in all directions -- Each day an excitement -- Broadacre adventures -- Landmark buildings -- The desert camp -- The fellowship at work -- Daily life in the fellowship: the 1940s and 1950s -- Mrs. Wright's fellowship: 1959-1985.
600 10 - SUBJECT ADDED ENTRY--PERSONAL NAME
Personal name Wright, Frank Lloyd,
Dates associated with a name 1867-1959
General subdivision Friends and associates.
610 20 - SUBJECT ADDED ENTRY--CORPORATE NAME
Corporate name or jurisdiction name as entry element Taliesin Fellowship.
650 #0 - SUBJECT ADDED ENTRY--TOPICAL TERM
Topical term or geographic name as entry element Architectural studios
Geographic subdivision United States.
650 #0 - SUBJECT ADDED ENTRY--TOPICAL TERM
Topical term or geographic name as entry element Architecture
General subdivision Study and teaching
Geographic subdivision United States
General subdivision History
Chronological subdivision 20th century.
906 ## - LOCAL DATA ELEMENT F, LDF (RLIN)
a 7
b cbc
c orignew
d 1
e ecip
f 20
g y-gencatlg
942 ## - ADDED ENTRY ELEMENTS (KOHA)
Source of classification or shelving scheme
Koha item type Hard Covered Materials
Classification part NA 2127 .S66M38 2009
Holdings
Withdrawn status Lost status Source of classification or shelving scheme Damaged status Not for loan Home library Current library Shelving location Date acquired Source of acquisition Total Checkouts Full call number Barcode Date last seen Price effective from Koha item type
          MACHAKOS UNIVERSITY LIBRARY MACHAKOS UNIVERSITY LIBRARY Technical section 07/02/2017 Donation (BFA)   NA 2127 .S66M38 2009 34751 23/07/2018 07/02/2017 Hard Covered Materials
© Machakos University Library, Along The Highway, Machakos Wote Rd, Machakos, Kenya P.O. Box 136 - 90100 Machakos - Kenya

Tel: ( +254 ) 723 805829 OR Fax : 044-20353 OR Email: library@mksu.ac.ke